| 000 | 01096nam0a2200325 4500 | ||
|---|---|---|---|
| 001 | RU\NLR\bibl\1114803 | ||
| 005 | 20250615062921.0 | ||
| 010 |
_a5-8149-0408-9 _9500 |
||
| 021 |
_aRU _b2007-42920 _92296 |
||
| 035 | _a(NLR Aleph) 001101812 | ||
| 090 |
_a1183043 _c1183043 |
||
| 100 | _a20070803d2006 |||y0rusy50 ca | ||
| 101 | 0 | _arus | |
| 102 | _aRU | ||
| 105 | _aa ||||||||| | ||
| 200 | 1 |
_aСитуационный подход в планировании учебных занятий _fВ.И. Жилин |
|
| 210 |
_aОмск _cИзд-во ОмГТУ _d2006 |
||
| 215 |
_a152 с. _cил. _d21 |
||
| 320 | _aБиблиогр.: с. 133-148 (264 назв.) | ||
| 606 | 1 |
_aШколы _xПланирование учебного материала _xКейс метод _92481427 _3RU\NLR\auth\661473014 |
|
| 686 | _aЧ421.211 | ||
| 700 | 1 |
_aЖилин _bВ. И. _gВладимир Ильич _4070 |
|
| 801 | 0 |
_aRU _bNLR _c20070803 _gRCR |
|
| 801 | 1 |
_aRU _bNLR _c20070803 |
|
| 830 | _aАвт. по кн. | ||
| 942 | _cBOOK | ||
| 980 | _aNB | ||
| 980 | _aNBR | ||